Szczegóły MARC21

Paare, Passanten /

003 -Nazwa inst., której nr kontr. jest w polu 001 [,]
    • @
    • Nazwa instytucji, której n kontrolny jest w polu 001
    • NUKAT
005 -DATA I CZAS OSTATNIEJ MODYFIKACJI [,]
    • @
    • pole kontrolne
    • 20241231093225.0
020 -Międzynarod. znormalizowany nr książki - ISBN [ , ]
    • a
    • Numer ISBN
    • 3423102500 Find
040 -Instytucja sporządzająca opis [ , ]
    • a
    • Instytucja, która sporządziła opis (NP)
    • KAT U/46MM
    • b
    • Język katalogowania
    • pol
    • e
    • Zasady katalogowania
    • rda
    • c
    • Instytucja, która sporządziła rekord (NP)
    • KAT U/46MMs
    • d
    • Instytucja, która zmodyfikowała rekord (P)
    • KAT U/46MM
    • d
    • Instytucja, która zmodyfikowała rekord (P)
    • KR 119/IK
    • d
    • Instytucja, która zmodyfikowała rekord (P)
    • SZCZ U/JS
942 -Rodzaj dokumentu [ , ]
    • c
    • Rodzaj dokumentu
    • Książka
100 -Hasło główne - nazwa osobowa [1, ]
    • a
    • Nazwa osobowa (NP)
    • Strauss, Botho
    • d
    • Daty biograficzne (NP)
    • (1944- ).
    • e
    • Rodzaj współpracy
    • Autor
    • 9
    • KHW
    • 253445
240 -Tytuł ujednolicony [1,0]
    • a
    • Tytuł ujednolicony
    • Paare, Passanten
    • l
    • Język tekstu
    • (niem.)
    • 9
    • KHW
    • 634350
245 -Strefa tytułu i oznaczenia odpowiedzialności [1,0]
    • a
    • Tytuł
    • Paare, Passanten / Find
    • c
    • Pozostałe elementy strefy tytułu i oznaczenia odpowiedzialności (NP)
    • Botho Strauß.
250 -Strefa wydania [ , ]
    • a
    • Oznaczenie wydania (NP)
    • 7. Auflage, Ungekürzte Ausgabe.
260 -Strefa adresu wydawniczego [ , ]
    • a
    • Miejsce wydania (P)
    • München :
    • b
    • Nazwa wydawcy (P)
    • Deutscher Taschenbuch Verlag,
    • c
    • Data wydania (P)
    • 1994.
300 -Strefa opisu fizycznego [ , ]
    • a
    • Określenie formy książki i/lub objętość (NP)
    • 204, [1] strona ;
    • c
    • Format (NP)
    • 18 cm.
336 -Typ zawartości [ , ]
    • a
    • Termin opisujący typ zawartości
    • Tekst
    • b
    • Kod określający zawartość
    • txt
    • 2
    • Źródło (terminu i kodu)
    • rdacontent
337 -Typ mediów [ , ]
    • a
    • Tryb odtwarzania
    • Bez urządzenia pośredniczącego
    • b
    • Kod typu mediów
    • n
    • 2
    • Źródło (terminu i kodu)
    • rdamedia
338 -Typ/rodzaj nośnika [ , ]
    • a
    • Hasło opisujące typ nośnika
    • Wolumin
    • b
    • Kod typu nośnika
    • nc
    • 2
    • Źródło (terminu i kodu)
    • rdacarrier
490 -Strefa serii i książki wielotomowej - forma nie do wyszukiwania [1, ]
    • a
    • Tytuł (P)
    • Dtv ; Find
    • v
    • Numeracja (P)
    • 10250
830 -Hasło dodatkowe serii i opisu książki wielotomowej - tytuł ujednolicony/tytuł [ ,0]
    • a
    • Tytuł ujednolicony/tytuł (NP)
    • Dtv
    • x
    • ISSN
    • 0416-5675
    • v
    • Oznaczenie tomu (NP)
    • 10250
    • 9
    • KHW
    • 60375
080 -Uniwersalna Klasyfikacja Dziesiętna [ , ]
    • a
    • Symbol klasyfikacji
    • 830-31=30
655 -Hasło w funkcji tematu formalnego [ ,7]
    • a
    • Hasło
    • Proza niemiecka
    • y
    • Określnik chronologiczny
    • 1945-1990.
    • 2
    • Źródło terminu
    • kaba
    • 9
    • KHW
    • 500462
980 -Symbol UKD [ , ]
    • a
    • UKD
    • 830-31=30
710 -Hasło dodatkowe - nazwa ciała zbiorowego [2, ]
    • a
    • Nazwa ciała zbiorowego lub nazwa geograficzna jako pierwszy element (NP)
    • Deutscher Taschenbuch-Verlag.
    • e
    • Rodzaj współpracy
    • Wydawca
    • 4
    • Kod relacji
    • pbl
    • 9
    • KHW
    • 78194
920 -ISBN [ , ]
    • a
    • ISBN
    • 3-423-10250-0 Find
Status udost. Sygnatura Lokalizacja Data inwentaryzacji Numer inwentarzowy
-3Germ. Literatura niemieckaBM1998-09-16G.13868